000 00567nam a2200193 a 4500
003 OSt
005 20150311151727.0
008 041013s1996 slv spa d
040 _cBMC
082 _a808.0687284
100 1 _aLindo, Hugo
_d1917-1985
_95625
245 1 0 _aAquí se cuentan cuentos
_cHugo Lindo
250 _a1ª ed
260 _aSan Salvador
_bConsejo Nacional para la cultura y el arte
_c1996
300 _a163 p.
_c21 cm
490 0 _aBiblioteca básica de literatura salvadoreña
_v9
650 2 4 _929639
_aCuentos salvadoreños
942 _2ddc
_cBK
999 _c17854
_d17854